[Event "ALG-chT"]
[Site "Oran"]
[Date "2017.09.22"]
[Round "9.2"]
[White "Benhadi, Aziz Madani"]
[Black "Hamoud, Mohamed"]
[Result "1-0"]
[WhiteElo "2079"]
[BlackElo "1838"]
[PlyCount "43"]
[EventDate "2017.09.18"]
[EventType "team-swiss"]
[EventRounds "9"]
[EventCountry "ALG"]
[SourceTitle "EXT 2020"]
[Source "ChessBase"]
[SourceDate "2019.10.17"]
[SourceVersion "1"]
[SourceVersionDate "2019.10.17"]
[SourceQuality "1"]
[WhiteTeam "ASEC"]
[BlackTeam "El Manar"]
[WhiteTeamCountry "ALG"]
[BlackTeamCountry "ALG"]

1. e4 e5 2. Nf3 Nf6 3. d4 d5 4. dxe5 Nxe4 5. Bd3 Bf5 6. 0-0 Be7 7. Nd4 Bg6 8. f4 Bc5 9. c3 Bxd4+ 10. cxd4 Bf5 11. g4 Bd7 12. Nc3 Nxc3 13. bxc3 h5 14. e6 fxe6 15. Bg6+ Kf8 16. f5 exf5 17. Ba3+ Kg8 18. Qf3 c6 19. gxf5 Qg5+ 20. Kh1 Qg4 21. Rae1 Rh6 22. Re7 1-0